|
|
|
|
| LEADER |
01417cas a2200253 a 4500 |
| 001 |
AALejournalIMF015731 |
| 008 |
230101c9999 xx r poo 0 0eng d |
| 020 |
|
|
|c 15.00 USD
|
| 020 |
|
|
|z 9781557753120
|
| 022 |
|
|
|a 0251-6365
|
| 040 |
|
|
|a BD-DhAAL
|c BD-DhAAL
|
| 100 |
1 |
|
|a Loser, Claudio.
|
| 245 |
1 |
0 |
|a Mexico :
|b The Strategy to Achieve Sustained Economic Growth /
|c Claudio Loser, Eliot Kalter.
|
| 264 |
|
1 |
|a Washington, D.C. :
|b International Monetary Fund,
|c 1992.
|
| 300 |
|
|
|a 1 online resource (98 pages)
|
| 490 |
1 |
|
|a Occasional Papers
|
| 500 |
|
|
|a <strong>Off-Campus Access:</strong> No User ID or Password Required
|
| 500 |
|
|
|a <strong>On-Campus Access:</strong> No User ID or Password Required
|
| 506 |
|
|
|a Electronic access restricted to authorized BRAC University faculty, staff and students
|
| 520 |
3 |
|
|a This paper explores the reasons behind the recent transformation and upturn of the Mexican economy. the changes are the result of the authorities' determination to stick with a difficult reform program since the early 1980s, supported by multilateral financial institutions, creditor countries, and commercial banks.
|
| 538 |
|
|
|a Mode of access: Internet
|
| 700 |
1 |
|
|a Kalter, Eliot.
|
| 830 |
|
0 |
|a Occasional Papers; Occasional Paper ;
|v No. 1992/002
|
| 856 |
4 |
0 |
|z Full text available on IMF
|u http://elibrary.imf.org/view/books/084/04618-9781557753120-en/04618-9781557753120-en-book.xml
|z IMF e-Library
|